| 000 | 00371pam a2200145a 44500 | ||
|---|---|---|---|
| 008 | 230405s2002 xxu||||| |||| 00| 0 eng d | ||
| 041 | _aENG | ||
| 100 | _aPRATT ZELKOWITZ | ||
| 245 | _aPROGRAMMING LANGUAGES (DESIGN AND IMPLEMENTATION) | ||
| 260 |
_aNEW DELHI _bPEARSON EDUCATION PUB _c2002 |
||
| 300 | _aP.B,XV,647 | ||
| 650 | _aCSE | ||
| 690 | _aCSE | ||
| 906 | _a1015 | ||
| 999 |
_c815210 _d815210 |
||